| 000 | 00580nam a2200169 4500 | ||
|---|---|---|---|
| 999 |
_c12560 _d12560 |
||
| 008 | 240220b ||||| |||| 00| 0 eng d | ||
| 040 | _aBMS College of Architecture | ||
| 100 | _aDeepthi Nagaraj | ||
| 245 | _aAdhyatma – A Journey through Ramlok, Itihasa Theme Park in Ayodhya | ||
| 300 | _a81p. | ||
| 500 | _a1CF19AT025 | ||
| 502 |
_8B,Arch _NBMS College of Architecture, Visvesvaraya Technological University (VTU) _aProject report _d2023 |
||
| 650 | _aTheme Park in Ayodhya | ||
| 700 |
_aKetki Bharat Tendolkar _eGuide |
||
| 710 |
_aRamaraju G _aGuide |
||
| 942 |
_2ddc _cTHE |
||